• 首页
  • 本馆介绍
  • 公告通知
  • 最新文献
  • 馆藏检索
  • 电子资源
  • 读者导购
  • 参考咨询
  • 我的图书馆
  • 登录
  • 详细信息显示
  • 放入我的书架
  • 预约/预借图书
  • 作者相关作品
  • 分类相关作品
  • 丛书相关作品
  • 出版社相关作品

书目信息

  • 表格格式
  • 工作单格式
  • 卡片格式
题名:
工业企业质量管理基本知识
    
 
作者: 《工业企业质量管理基本知识》编写组编
分册:  
出版信息: 北京   机械工业出版社  1979
页数: 146页
开本: 19cm
丛书名:
单 册:
中图分类: F406.3
科图分类:
主题词: 质量管理:工业企业管理--基本知识 , 工业企业管理:质量管理--基本知识
电子资源:
ISBN:
000 00654nam0 2200217 45
001 0179007945
005 20060810110440.79
010    @dCNY0.40
091    @aCN@b15033.4919
100    @a19950716d1979 em y0chiy0121 ea
101 0  @achi
102    @aCN@b110000
105    @ay z 000yy
200 10 @a工业企业质量管理基本知识@Agong ye qi ye zhi liang guan li ji ben zhi shi@f《工业企业质量管理基本知识》编写组编
210    @a北京@c机械工业出版社@d1979
215    @a146页@d19cm
606    @a质量管理:工业企业管理@x基本知识
606    @a工业企业管理:质量管理@x基本知识
690    @aF406.3@v3
801  0 @aCN@bTSSF@c20060810
905    @a10447@dF406.3@e171
    
    工业企业质量管理基本知识/《工业企业质量管理基本知识》编写组编.-北京:机械工业出版社,1979
    146页;19cm
    
    
    ISBN :CNY0.40
    
●
相关链接 在E读中查询图书 在五车中查询图书 在当当中查询图书 在豆瓣中查询图书


正题名:工业企业质量管理基本知识     索取号:F406.3/171         预约/预借

序号 登录号 条形码 馆藏地/架位号 状态 备注
1 0448402   204484021   密集书库/ [索取号:F406.3/171] 在馆    
唐山师范学院图书馆 欢迎您!
大连网信软件有限公司© 版权所有